[Event "Anogia op 8th"]
[Site "Anogia"]
[Date "2019.08.20"]
[Round "4"]
[White "Verikakis, Manolis"]
[Black "Korniotis, Filippos"]
[Result "0-1"]
[WhiteElo "2057"]
[BlackElo "2100"]
[PlyCount "74"]
[EventDate "2019.08.18"]
[EventType "swiss"]
[EventRounds "9"]
[EventCountry "GRE"]
[SourceTitle "EXT 2020"]
[Source "ChessBase"]
[SourceDate "2019.10.17"]
[SourceVersion "1"]
[SourceVersionDate "2019.10.17"]
[SourceQuality "1"]

1. e4 c5 2. Nf3 e6 3. d3 Nc6 4. g3 d5 5. Qe2 Be7 6. e5 f6 7. c3 Nxe5 8. Nxe5 fxe5 9. Qxe5 Bf6 10. Qe2 Ne7 11. Bh3 e5 12. Bxc8 Qxc8 13. Na3 0-0 14. h4 Nc6 15. Bg5 Rb8 16. Nc2 Qd7 17. Ne3 b5 18. Ng4 Bd8 19. 0-0 Bc7 20. h5 h6 21. Bd2 Rbe8 22. Nh2 c4 23. a4 cxd3 24. Qxd3 e4 25. Qe2 Ne5 26. Kg2 Nf3 27. Rh1 Nxd2 28. Qxd2 Bb6 29. Rhf1 bxa4 30. Qe2 Re5 31. Ng4 Ref5 32. Ne3 Rf3 33. Qd2 Bxe3 34. fxe3 Qg4 35. Qxd5+ Kh8 36. Qd6 Rxf1 37. Rxf1 Qe2+ 0-1

[Event "Paleochora op 8th"]
[Site "Paleochora"]
[Date "2015.07.21"]
[Round "6"]
[White "Hristodoulou, Panagiotis"]
[Black "Verikakis, Manolis"]
[Result "1-0"]
[WhiteElo "2314"]
[BlackElo "1979"]
[PlyCount "119"]
[EventDate "2015.07.17"]
[EventType "swiss"]
[EventRounds "9"]
[EventCountry "GRE"]
[SourceTitle "CBM 167 Extra"]
[Source "ChessBase"]
[SourceDate "2015.09.14"]
[SourceVersion "1"]
[SourceVersionDate "2015.09.14"]
[SourceQuality "1"]

1. e4 c5 2. Nf3 d6 3. d4 cxd4 4. Nxd4 Nf6 5. Nc3 g6 6. Be3 Bg7 7. f3 Nc6 8. Qd2 0-0 9. 0-0-0 d5 10. Qe1 e5 11. Nxc6 bxc6 12. exd5 Nxd5 13. Bc4 Be6 14. Kb1 Nxc3+ 15. Qxc3 Qe7 16. h4 Bxc4 17. Qxc4 Rab8 18. Bc5 Qb7 19. b3 Rfd8 20. Bd6 Rbc8 21. h5 Qd7 22. hxg6 hxg6 23. Qh4 f6 24. Rd2 Qe6 25. Rhd1 c5 26. Qa4 Rd7 27. Qa5 c4 28. Bb4 cxb3 29. axb3 Rxd2 30. Rxd2 Qc6 31. Qd5+ Qxd5 32. Rxd5 Rc7 33. Ra5 Bf8 34. Bxf8 Kxf8 35. c4 Ke7 36. Ra6 Kf7 37. Kc2 f5 38. Kc3 e4 39. fxe4 fxe4 40. Kd4 Re7 41. Ke3 Kg7 42. b4 Rc7 43. c5 Rb7 44. Ra4 Re7 45. b5 Kf6 46. Rxe4 Rb7 47. Rb4 Ke6 48. Kd4 a5 49. Rb2 a4 50. b6 Kd7 51. Kd5 Kc8 52. Ra2 Rf7 53. Rxa4 Rf5+ 54. Kc6 Rf6+ 55. Kb5 Rf5 56. Ra8+ Kb7 57. Rg8 g5 58. Rg7+ Kb8 59. Ka6 Rxc5 60. Rg8+ 1-0

[Event "Rethymno op 6th"]
[Site "Rethymno"]
[Date "2014.07.17"]
[Round "7"]
[White "Tchantcev, Chaliko"]
[Black "Verikakis, Manolis"]
[Result "1-0"]
[WhiteElo "2216"]
[BlackElo "1981"]
[PlyCount "89"]
[EventDate "2014.07.12"]
[EventType "swiss"]
[EventRounds "9"]
[EventCountry "GRE"]
[SourceTitle "CBM 161 Extra"]
[Source "ChessBase"]
[SourceDate "2014.08.29"]
[SourceVersion "1"]
[SourceVersionDate "2014.08.29"]
[SourceQuality "1"]

1. Nf3 d5 2. b3 Nf6 3. Bb2 e6 4. c4 c5 5. g3 Be7 6. Bg2 0-0 7. 0-0 Nc6 8. cxd5 Nxd5 9. d3 Bf6 10. Qc1 b6 11. Nbd2 Nd4 12. Re1 Bb7 13. Ne4 Nxf3+ 14. Bxf3 Bxb2 15. Qxb2 Rb8 16. Rec1 Qe7 17. a3 a6 18. Rc4 f5 19. Nd2 b5 20. Rc2 b4 21. axb4 cxb4 22. Bxd5 exd5 23. Nf3 Rfc8 24. Rac1 Rxc2 25. Rxc2 Rc8 26. Rxc8+ Bxc8 27. Qc2 Bb7 28. Nd4 g6 29. e3 a5 30. h4 Kf7 31. Kf1 Ke8 32. Ke1 Kd7 33. Kd2 Qd6 34. Qc1 Bc6 35. Qa1 Qc5 36. h5 Kd6 37. h6 a4 38. bxa4 b3 39. Nxb3 Qb4+ 40. Qc3 Qxc3+ 41. Kxc3 Bxa4 42. f4 Bb5 43. Nd4 Ba6 44. Nf3 Ke7 45. Ng5 1-0

[Event "Rethymno op 6th"]
[Site "Rethymno"]
[Date "2014.07.13"]
[Round "2"]
[White "Verikakis, Manolis"]
[Black "Milosevic, Goran"]
[Result "1/2-1/2"]
[WhiteElo "1981"]
[BlackElo "2364"]
[PlyCount "56"]
[EventDate "2014.07.12"]
[EventType "swiss"]
[EventRounds "9"]
[EventCountry "GRE"]
[SourceTitle "CBM 161 Extra"]
[Source "ChessBase"]
[SourceDate "2014.08.29"]
[SourceVersion "1"]
[SourceVersionDate "2014.08.29"]
[SourceQuality "1"]

1. e4 c5 2. Nf3 e6 3. Be2 Nc6 4. 0-0 Nf6 5. Nc3 a6 6. Re1 d6 7. d4 cxd4 8. Nxd4 Be7 9. Nxc6 bxc6 10. e5 dxe5 11. Qxd8+ Bxd8 12. Bf3 Nd5 13. Rxe5 0-0 14. Nxd5 cxd5 15. c4 Bf6 16. Re2 Bb7 17. cxd5 Rfd8 18. Be3 Bxd5 19. Bxd5 exd5 20. Bc5 Rac8 21. Rae1 d4 22. Bb6 Rf8 23. Rd2 d3 24. Rxd3 Bxb2 25. Red1 Rfe8 26. f3 g6 27. Kf2 Rc6 28. Bd4 Bxd4+ 1/2-1/2

[Event "Kalamaria op 3rd"]
[Site "Kalamaria"]
[Date "2006.09.04"]
[Round "7"]
[White "Shavtvaladze, Nikoloz"]
[Black "Verikakis, Manolis"]
[Result "1-0"]
[WhiteElo "2383"]
[BlackElo "1941"]
[PlyCount "67"]
[EventDate "2006.08.30"]
[EventType "swiss"]
[EventRounds "9"]
[EventCountry "GRE"]
[SourceTitle "EXT 2007"]
[Source "ChessBase"]
[SourceDate "2006.11.23"]
[SourceVersion "1"]
[SourceVersionDate "2006.11.23"]
[SourceQuality "1"]

1. e4 c5 2. Nc3 Nc6 3. Bb5 g6 4. Bxc6 bxc6 5. d3 Rb8 6. f4 Bg7 7. Nf3 d6 8. 0-0 e6 9. Na4 Ne7 10. c4 0-0 11. Kh1 Qa5 12. Rb1 Bd7 13. Bd2 Qc7 14. Be3 Rb4 15. a3 Rb7 16. e5 Nf5 17. exd6 Qxd6 18. Bxc5 Qxf4 19. Bxf8 Bxf8 20. b4 Qh6 21. Re1 Bd6 22. Nc5 Bf4 23. g3 Nxg3+ 24. Kg2 Nf5 25. Nxb7 e5 26. Rb2 Qh3+ 27. Kh1 Ng3+ 28. Kg1 Bg4 29. hxg3 Qxg3+ 30. Rg2 Qh3 31. Kf2 Bg5 32. Rh1 Be3+ 33. Kxe3 Qxg2 34. Rg1 1-0

[Event "Kalamaria op 3rd"]
[Site "Kalamaria"]
[Date "2006.09.03"]
[Round "6"]
[White "Verikakis, Manolis"]
[Black "Stanojoski, Zvonko"]
[Result "1/2-1/2"]
[WhiteElo "1941"]
[BlackElo "2481"]
[PlyCount "91"]
[EventDate "2006.08.30"]
[EventType "swiss"]
[EventRounds "9"]
[EventCountry "GRE"]
[SourceTitle "EXT 2007"]
[Source "ChessBase"]
[SourceDate "2006.11.23"]
[SourceVersion "1"]
[SourceVersionDate "2006.11.23"]
[SourceQuality "1"]

1. e4 c5 2. Nf3 Nc6 3. d4 cxd4 4. Nxd4 g6 5. Nc3 Bg7 6. Be3 Nf6 7. Bc4 0-0 8. Bb3 a5 9. 0-0 d6 10. Ndb5 Bd7 11. a4 Ng4 12. Bg5 h6 13. Bd2 Nb4 14. h3 Nf6 15. Qe2 Bc6 16. Rad1 Nd7 17. Nd5 Bxd5 18. exd5 Nc5 19. Be3 Nxb3 20. cxb3 Rc8 21. Rd2 Na6 22. Bd4 Nc5 23. Qe3 Nd7 24. Re1 Re8 25. Na7 Ra8 26. Nb5 Rc8 27. Na7 Rb8 28. Nb5 Bf8 29. Rc2 e5 30. dxe6 Rxe6 31. Qd2 Rxe1+ 32. Qxe1 Rc8 33. Rxc8 Qxc8 34. Bc3 b6 35. Qd2 Qc5 36. b4 axb4 37. Bxb4 Qc4 38. Bxd6 Qxa4 39. Bxf8 Nxf8 40. Nd6 Qb3 41. Qf4 Qd1+ 42. Kh2 Qd5 43. Ne8 Nd7 44. Qc7 Qe5+ 45. Qxe5 Nxe5 46. Kg3 1/2-1/2

[Event "Kalamaria op 3rd"]
[Site "Kalamaria"]
[Date "2006.09.02"]
[Round "5"]
[White "Hadzimanolis, Antonios"]
[Black "Verikakis, Manolis"]
[Result "0-1"]
[WhiteElo "2333"]
[BlackElo "1941"]
[PlyCount "60"]
[EventDate "2006.08.30"]
[EventType "swiss"]
[EventRounds "9"]
[EventCountry "GRE"]
[SourceTitle "EXT 2007"]
[Source "ChessBase"]
[SourceDate "2006.11.23"]
[SourceVersion "1"]
[SourceVersionDate "2006.11.23"]
[SourceQuality "1"]

1. e4 c5 2. c3 e6 3. d4 d5 4. exd5 exd5 5. Nf3 cxd4 6. Nxd4 Bc5 7. Be3 Ne7 8. Nd2 0-0 9. N2f3 Re8 10. Be2 Bb6 11. 0-0 Nbc6 12. Qd2 Na5 13. b3 Bg4 14. Rac1 Nac6 15. Rfe1 Rc8 16. h3 Bh5 17. Nh4 Bxe2 18. Rxe2 Ba5 19. Bg5 h6 20. Nxc6 Rxc6 21. Bxe7 Rxe7 22. Rxe7 Qxe7 23. Nf5 Qf6 24. Qxd5 Rxc3 25. Re1 Bb6 26. Qd2 Qxf5 27. Re8+ Kh7 28. Qxc3 Qxf2+ 29. Kh2 Qf4+ 30. Qg3 Bg1+ 0-1

[Event "Chania Bouzakis op"]
[Site "Chania"]
[Date "2000.08.21"]
[Round "4.10"]
[White "Verikakis, Manolis"]
[Black "Petropoulos, Konstantinos"]
[Result "0-1"]
[WhiteElo "1625"]
[BlackElo "1940"]
[PlyCount "92"]
[EventDate "2000.08.19"]
[EventType "swiss"]
[EventRounds "9"]
[EventCountry "GRE"]
[SourceTitle "EXT 2004"]
[Source "ChessBase"]
[SourceDate "2003.11.25"]
[SourceVersion "1"]
[SourceVersionDate "2003.11.25"]
[SourceQuality "1"]

1. e4 c6 2. d4 d5 3. exd5 cxd5 4. Nf3 Nc6 5. Bb5 g6 6. 0-0 Bg7 7. Ne5 Bd7 8. Nxd7 Qxd7 9. c3 a6 10. Ba4 Nh6 11. Nd2 f6 12. Nf3 Nf7 13. Re1 b5 14. Bb3 0-0 15. a3 Na5 16. Bf4 Nc4 17. Bxc4 bxc4 18. b4 cxb3 19. Qxb3 Rac8 20. Rab1 Rfe8 21. Re3 e5 22. dxe5 fxe5 23. Bg3 e4 24. Nd4 Rc4 25. Ne2 Nd6 26. Bxd6 Qxd6 27. f3 Bh6 28. f4 Qc5 29. Nd4 Bxf4 30. Rh3 Re7 31. Kh1 e3 32. Ne2 Be5 33. Rf1 Bd6 34. a4 Kg7 35. Rff3 Rce4 36. Qd1 R4e6 37. Qd3 Qc4 38. Qd1 Bc5 39. Rf4 Re4 40. Rhh4 a5 41. Rxe4 Rxe4 42. Rxe4 Qxe4 43. Kg1 Kf6 44. Kf1 Qf5+ 45. Kg1 Ke5 46. Nc1 e2+ 0-1